00984cam a22002411 4500001001300000003000400013005001700017008004100034010001700075035001900092040001800111042001200129050001900141110005400160245005900214260003700273300001900310500017800329504004100507650002800548710014900576999001700725sa 68020652 DLC20260227112726.0760504s1966 io 000 0 ind  asa 68020652  a(OCoLC)2154829 aDLCcOAUdDLC apremarc00aQD7b.L45 19662 aLembaga Bahasa dan Kesusastraan.bKomisi Istilah.10aIntisari tatanama:bkimia anorganik dan kimia organik. aDjakarta,bBalai Pustaka,c1966. a116 p.c18 cm. a1956 ed. issued by the body under its earlier name (Lembaga Bahasa dan Budaja) under title: Intisari tatanama: kimia anorganik dan kimia organik beserta kamus istilah kimia. aIncludes bibliographical references. 0aChemistryxTerminology.1 aDjakarta.bUniversitas Indonesia.bLembaga Bahasa dan Budaja.tIntisari tatanama: kimia anorganik dan kimia organik beserta kamus istilah kimia. c89540d89540